| 000 | 00414nam a2200157 4500 | ||
|---|---|---|---|
| 001 | 126851 | ||
| 003 | ES-MaACL | ||
| 005 | 20230906192908.0 | ||
| 007 | t| | ||
| 008 | 070214s1972 sp r ||||1| spa d | ||
| 100 | 1 |
_aRey, Alfonso. _996485 |
|
| 245 | 1 | 0 |
_aEn la fuente de la alegrÃa / _cAlfonso Rey. |
| 260 |
_aMadrid : _bPalabra, _c1972. |
||
| 300 |
_a221 p. ; _c18 cm. |
||
| 852 |
_aES-MaACL _jC-52122 _bR.84660 |
||
| 999 |
_c126851 _d126851 |
||